000 00694nam a22002057a 4500
999 _c2857
_d2857
003 AR-CdUCM
008 190305b ||||| |||| 00| 0 spa d
040 _aMUNICIPALIDAD PROVINCIAL DEL CUSCO
_cBIBLIOTECA MUNICIPAL DEL CUSCO
082 _a376.1 /
_bA56
100 _aAncco Oscco, Herlis Alex
_99904
245 _aLos juegos andinos :
_bA que juegan los niños del campo /
260 _aCusco :
_bWorld Visión Internacional,
_c2006.
300 _a130 paginas ;
_bIlustraciones,
_c21 cm.
505 _aContenido :Los juegos infantiles .
650 _aJuegos infantiles
_99905
650 _aActividades lúdicas
_99906
650 _aNiños activos
_99907
942 _2ddc
_cLIBROS
945 _arum